Charlesworth and Percy on negligence (Record no. 79277)

MARC details
000 -LEADER
fixed length control field 01088nam a2200277 a 4500
008 - FIXED-LENGTH DATA ELEMENTS--GENERAL INFORMATION
fixed length control field 120416s2001 ||||||||||||||||| || u
020 ## - INTERNATIONAL STANDARD BOOK NUMBER
International Standard Book Number 0421825901
050 ## - LIBRARY OF CONGRESS CALL NUMBER
Classification number KD 182 Cha
100 ## - MAIN ENTRY--PERSONAL NAME
Personal name Charlesworth, John, 1893-1957
245 10 - TITLE STATEMENT
Title Charlesworth and Percy on negligence
246 ## -
-- Charlesworth and Percy on negligence
250 ## - EDITION STATEMENT
Edition statement 10th ed. / Judge Walton and Roger Cooper, Simon E. Wood ; consultant editor, R.A. Percy.
260 ## - PUBLICATION, DISTRIBUTION, ETC.
Place of publication, distribution, etc. London
Name of publisher, distributor, etc. Sweet & Maxwell
Date of publication, distribution, etc. 2001
300 ## - PHYSICAL DESCRIPTION
Extent ccxlviii, 1068 p.
350 ## -
-- 0.00
490 ## -
-- The common law library
490 ## -
-- no. 6
500 ## - GENERAL NOTE
General note Previous ed.: 1997.
650 ## - SUBJECT ADDED ENTRY--TOPICAL TERM
Topical term or geographic name entry element LAW
650 ## - SUBJECT ADDED ENTRY--TOPICAL TERM
Topical term or geographic name entry element Negligence--Great Britain
700 ## - ADDED ENTRY--PERSONAL NAME
Personal name Wood, Simon E
700 ## - ADDED ENTRY--PERSONAL NAME
Personal name Cooper, Roger
700 ## - ADDED ENTRY--PERSONAL NAME
Personal name Walton, Cooper T
995 ## -
-- MAIN LIBRARY OPEN ACCESS
-- 0.00
-- 733615
-- CBU-MAIN LIBRARY (Kitwe)
-- 1
-- 0.00
-- KD 182 Cha
-- 1
-- LOST
-- 733615
-- Main Library Open Access Collection
995 ## -
-- MAIN LIBRARY OPEN ACCESS
-- 0.00
-- 733616
-- CBU-MAIN LIBRARY (Kitwe)
-- 2
-- 0.00
-- KD 182 Cha
-- 2
-- AVAILABLE
-- 45561
-- Main Library Open Access Collection
999 ## -
-- 79277
-- 79277

No items available.